Statistiques concernant Cinéma commençant par la lettre H

Cliquez ici pour prendre le quiz!

Statistiques générales

  • Ce quiz a été pris 685 fois
  • Le résultat moyen est 5 sur 12

Statistiques - réponses

HintRéponse% Correct
Réalisateur britannique, surnommé "Le Maître du suspense"Alfred Hitchcock
91%
Héros d'une célèbre saga des années 2000 inspirée de livresHarry Potter
82%
Cowboy dans Toy Story, gardien de prison dans La Ligne VerteTom Hanks
72%
A interprété l'inquiétant Dr. Hannibal LecterAnthony Hopkins
68%
Saga d'animation sur un vampire à la tête d'un établissementHôtel Transylvanie
57%
Désigne ce qui n'est pas montré à l'écranHors champ
54%
Saga d'horreur ayant comme antagoniste le terrifiant PinheadHellraiser
25%
Acteur américain, fait prisonnier sur la Planète des SingesCharlton Heston
24%
Muse de Givenchy, a interprété l'élégante Holly GolightlyAudrey Hepburn
22%
Cinéaste autrichien, lauréat de la Palme d'Or en 2009 et 2012Michael Haneke
22%
A l'origine de "Scarface" et "Les hommes préfèrent les blondes"Howard Hawks
15%
Compositeur américain, disparu en avion en 2015James Horner
9%

Distribution des résultats

Percentile par nombre de réponses

% des personnes avec chaque résultat

Votre développement - résultats

Vous n’avez pas pris ce quiz